Impactos ambientales de la actividad agrícola y su exteriorización a través de los informes de la contabilidad social y ambiental (Registro nro. 16987)

Detalles MARC
000 -LEADER
fixed length control field 00434 a2200109 4500
001 - CONTROL NUMBER
control field ART_41771
005 - DATE AND TIME OF LATEST TRANSACTION
control field 20260410161721.0
008 - FIXED-LENGTH DATA ELEMENTS--GENERAL INFORMATION
fixed length control field 260409a
100 1# - MAIN ENTRY--PERSONAL NAME
Personal name D´Onofrio, Paula Alejandra
245 10 - TITLE STATEMENT
Title Impactos ambientales de la actividad agrícola y su exteriorización a través de los informes de la contabilidad social y ambiental
773 0# - HOST ITEM ENTRY
Title Contabilidad y auditoría
Related parts - Año 22, Nº 43 (jun. 2016)
Record control number REV1723

No hay ítems disponibles.